| 000 | 00386 a2200121 4500 | ||
|---|---|---|---|
| 001 | ART_10136 | ||
| 005 | 20260410161613.0 | ||
| 008 | 260409a | ||
| 245 | 1 | 0 | _aEl lado oscuro del análisis del consumidor |
| 100 | 1 | _aDavenport, Thomas H. | |
| 700 | 1 | _aHarris, Jeanne G. | |
| 773 | 0 |
_tHarvard Business Review _gEsquivar el corte - Vol. 85, Nº 5 (may. 2007) _wREV340 |
|
| 999 |
_c10786 _d10786 |
||